She's The Man Quiz - Statistics

General Stats
  • This quiz has been taken 259 times
  • The average score is 9 of 10
Answer Stats
Hint Answer % Correct
What is the main sport of the movie? Soccer
98%
Who does Viola pretend to be in order to play soccer? Sebastian
95%
Who plays the character of Duke? Channing Tatum
94%
Viola worked the next shift at which booth after Olivia? Kissing Booth
92%
Who plays the character of Viola? Amanda Bynes
91%
In which city did sebastian go to in order to play his music? London
90%
Which girl does Duke like at the beginning of the film? Olivia
86%
What is Viola and Sebastian's last name? Hastings
82%
What is the name of Viola's friend/hairdresser? Paul
66%
What was the name of Viola's boyfriend that she dumped at the beginning of the film? Justin
62%
No matching quizzes found
Score Distribution
Percent of People with Each Score
Percentile by Number Answered
Your Score History
You have not taken this quiz